000 02614cab a2200337 ab4500
005 20250523113300.0
008 991125c2018 mx fr p o 000 0 spa d
035 _aUPN01000233200
040 _aMX-MxUPN
_bspa
_cMX-MxUPN
_eaacr2
049 _aART-E
100 1 _aTorres Salazar, Quitzia
_6- quitzia.torres@gmail.com
100 1 _aRamírez Gurrola, Alberto
100 1 _aCastañon Alvarado, Michelle
100 1 _aAcroña Campos, Acis
100 1 _aBetancourt Araujo, Arely
100 1 _aCarrillo Cisneros, María Fernanda
245 1 0 _aAsociación entre nomofobia e indicadores de inteligencia en estudiantes de educación superior
506 0 _aAcceso abierto
520 3 _aIntroducción: el uso indiscriminado de los teléfonos móviles puede estar asociado a eventos de igual forma negativos como insomnio, depresión, estrés o tendinitis crónica. La identificación de factores emocionales de riesgo para el desarrollo de nomofobia es importante para poder priorizar estrategias de intervención preventiva en adolescentes, quienes dicho sea de paso se unen cada vez más al grupo de personas adictas al celular o como se define en este estudio, con nomofobia. Objetivo: determinar si existe relación entre la presencia de nomofobia e indicadores de inteligencia entre ellos: a) Inteligencia cognitiva medida a través del IQ; b) Resiliencia; y c) Autoestima. Método: diseño observacional, analítico, transversal, prospectivo, de Casos y Controles pareados por edad y sexo. La muestra se integró por 70 casos y 70 controles, con una edad promedio de 22 (DE = 1.5 años); 60% hombres y 40% mujeres. Resultados: se encontró que en el grupo de personas con IQ promedio o por debajo del promedio es 27 veces más probable el desarrollo de nomofobia, comparado con el grupo de no nomofóbicos. Al realizar este ejercicio con la baja autoestima, se identificó un OR de 58, y con resiliencia promedio o baja, el OR es de 2.2 (ambos con IC 95% estadísticamente significativos). Conclusión: existe asociación entre la presencia de nomofobia e indicadores de inteligencia cognitiva y emocional. RIIA
653 0 _aNomofobia
653 0 _aTecnopatías
653 0 _aEnfermedades mentales
653 0 _aInteligencia
653 0 _aAdicciones tecnológicas
773 _gVol. 4, no. 2, (2018), p. 19-24
_tRevista internacional de investigación en adicciones
_x2448-6396
856 4 _uhttp://riiad.org/index.php/riiad/article/view/riiad.2018.2.03/241
856 4 _uhttps://doi.org/10.28931/riiad.2018.2.03
902 _aLeonor Sotres/230525
905 _aArticulo
942 _cART-E
999 _c205295
_d205295